Normal view
MARC view
- UMER BIN ABDUL AZIZ
Entry Topical Term
001 - CONTROL NUMBER
- control field: 78831
003 - CONTROL NUMBER IDENTIFIER
- control field: NUST
005 - DATE AND TIME OF LATEST TRANSACTION
- control field: 20210628210300.0
008 - FIXED-LENGTH DATA ELEMENTS
- fixed length control field: 210628|| aca||aabn | a|a d
040 ## - CATALOGING SOURCE
- Original cataloging agency: NUST
- Transcribing agency: NUST
150 ## - HEADING--TOPICAL TERM
- Topical term or geographic name entry element: UMER BIN ABDUL AZIZ
670 ## - SOURCE DATA FOUND
- Source citation: Work cat.: (NUST): 39gwaq7peh7fjtfa4dxguurfn7gulq2pt 78804, Umer bin abdul aziz, 1996
